| 000 | 00850nam a2200265 a 4500 | ||
|---|---|---|---|
| 001 | BRL_156 | ||
| 005 | 20190320210619.0 | ||
| 008 | 940602s1993 mx-af####c---#000-0#spa-# | ||
| 020 | _a9686747001 | ||
| 040 |
_aDLC _cDLC _dDLC |
||
| 041 | _aspa | ||
| 044 | _amx | ||
| 050 | 4 |
_aN910.P84 _b.B66 1993 |
|
| 100 | 1 |
_aBonifaz Nuño, Rubén _d1923- _923062 |
|
| 245 | 1 | 0 |
_aEl Museo Amparo _bcolección prehispánica _cRubén Bonifaz Nuño ; presentación Ángeles Espinosa Yglesias. |
| 260 |
_aMéxico _bMuseo Amparo _c1993 |
||
| 300 |
_a163 p. _bil. (algunas a color) _c29 cm. |
||
| 500 | _aAu208 | ||
| 610 | 2 | 4 |
_aMuseo Amparo (Puebla, México) _vColecciones _923063 |
| 650 | 1 | 4 |
_aArte prehipánico _vCatálogos _zMéxico _923064 |
| 651 | 4 |
_aMéxico _xAntigüedades _92765 |
|
| 700 | 1 |
_aEspinosa Yglesias, Ángeles _93811 |
|
| 902 | _aGRL | ||
| 942 |
_2lcc _cB |
||
| 999 |
_c8969 _d8969 |
||